Départements français dans l'ordre - Statistiques

Statistiques générales
  • Ce quiz a été pris 717 fois
  • Le résultat moyen est 59 sur 96
Statistiques - réponses
Département % Correct
1 Ain
100%
2 Aisne
96%
3 Allier
92%
10 Aube
85%
11 Aude
85%
13 Bouches-du-Rhône
84%
2A Corse-du-Sud
84%
2B Haute-Corse
83%
6 Alpes Maritimes
82%
7 Ardèche
81%
5 Hautes-Alpes
81%
4 Alpes de Haute Provence
80%
12 Aveyron
79%
9 Ariège
77%
8 Ardennes
76%
14 Calvados
76%
15 Cantal
75%
17 Charente-Maritime
75%
16 Charente
75%
19 Corrèze
74%
25 Doubs
72%
18 Cher
71%
21 Côte d'Or
71%
29 Finistère
71%
30 Gard
71%
33 Gironde
71%
34 Hérault
71%
42 Loire
70%
22 Côtes d'Armor
69%
24 Dordogne
69%
27 Eure
69%
31 Haute-Garonne
69%
23 Creuse
68%
45 Loiret
68%
28 Eure-et-Loire
67%
32 Gers
67%
36 Indre
67%
37 Indre-et-Loire
67%
38 Isère
67%
43 Haute-Loire
66%
35 Ille-et-Vilaine
66%
44 Loire-Atlantique
65%
26 Drôme
64%
39 Jura
64%
75 Paris
63%
40 Landes
60%
59 Nord
60%
46 Lot
59%
50 Manche
59%
52 Haute-Marne
58%
47 Lot-et-Garonne
58%
51 Marne
58%
60 Oise
58%
69 Rhône
58%
62 Pas-de-Calais
56%
54 Meurthe-et-Moselle
55%
55 Meuse
55%
56 Morbihan
54%
57 Moselle
54%
61 Orne
54%
65 Hautes-Pyrénées
53%
48 Lozère
53%
49 Maine-et-Loire
53%
63 Puy-de-Dôme
53%
64 Pyrénées-Atlantiques
53%
73 Savoie
53%
53 Mayenne
52%
66 Pyrénées-Orientales
52%
74 Haute-Savoie
51%
41 Loire-et-Cher
51%
58 Nièvre
50%
67 Bas-Rhin
49%
68 Haut-Rhin
49%
83 Var
48%
78 Yvelines
48%
77 Seine-et-Marne
47%
84 Vaucluse
47%
72 Sarthe
46%
76 Seine-Maritime
46%
85 Vendée
45%
70 Haute-Saône
44%
71 Saône-et-Loire
44%
93 Seine-Saint-Denis
44%
81 Tarn
44%
82 Tarn-et-Garonne
43%
91 Essonne
42%
87 Haute-Vienne
42%
86 Vienne
42%
80 Somme
41%
90 Territoire de Belfort
41%
94 Val-de-Marne
41%
89 Yonne
41%
88 Vosges
40%
95 Val d'Oise
39%
79 Deux-Sèvres
37%
92 Haut-de-Seine
35%
Aucun quiz correspondant
Distribution des résultats
% des personnes avec chaque résultat
Percentile par nombre de réponses
Votre historique - résultats
Vous n’avez pas pris ce quiz